| 000 | 00759nam a2200229 u 4500 | ||
|---|---|---|---|
| 005 | 20230330063734.0 | ||
| 008 | 170523s2014 r 000 0 eng d | ||
| 020 | _a9786077957676 | ||
| 035 | _aUPN01000218076 | ||
| 049 | _aCG | ||
| 050 | 4 |
_aHB501 _bB3.4 2014 |
|
| 100 | 1 |
_aBartra, Armando, _d1941- _937076 |
|
| 245 | 1 | 3 |
_aEl hombre de hierro : _blímites sociales y naturales del capital en la perspectiva de la Gran Crisis / _cArmando Bartra. |
| 250 | _a2a ed. | ||
| 260 |
_aMéxico : _bUACM : _bUAM, Unidad Xochimilco, _cc2014. |
||
| 300 |
_a320 p. : _bil. |
||
| 650 | 2 |
_aCapitalismo _xAspectos sociales _96499 |
|
| 650 | 2 |
_aEconomía _xAspectos sociólogicos _914963 |
|
| 650 | 4 |
_aINDUSTRIAS - _xHISTORIA _916345 |
|
| 905 | _aLibro | ||
| 999 |
_c190176 _d190176 |
||